<?xml version="1.0" encoding="UTF-8"?>
<collection xmlns="http://www.loc.gov/MARC21/slim">
 <record>
  <leader>04663nam a2200445 a 4500</leader>
  <controlfield tag="001">kal3859</controlfield>
  <controlfield tag="003">Gr-AtHEAL</controlfield>
  <controlfield tag="005">20160425080136.0</controlfield>
  <controlfield tag="006">m        d        </controlfield>
  <controlfield tag="008">160413s2015    gr      s           gre|c</controlfield>
  <datafield tag="020" ind1=" " ind2=" ">
   <subfield code="a">9789606033346</subfield>
  </datafield>
  <datafield tag="040" ind1=" " ind2=" ">
   <subfield code="a">GR-AtHEAL</subfield>
   <subfield code="b">gre</subfield>
   <subfield code="c">GR-AtHEAL</subfield>
  </datafield>
  <datafield tag="082" ind1="0" ind2="4">
   <subfield code="a">512</subfield>
   <subfield code="2">23</subfield>
  </datafield>
  <datafield tag="100" ind1="1" ind2=" ">
   <subfield code="a">Θεοχάρη-Αποστολίδη, Θεοδώρα.</subfield>
   <subfield code="8">1618</subfield>
  </datafield>
  <datafield tag="245" ind1="1" ind2="0">
   <subfield code="a">Εισαγωγή στη θεωρία ομάδων</subfield>
   <subfield code="h">[Ηλεκτρονικός πόρος] </subfield>
   <subfield code="c">Θεοχάρη Αποστολίδη, Θεοδώρα ; Κριτικός αναγνώστης,Αντωνιάδης, Ιωάννης ; Γραφιστική επιμέλεια,Καρύδης, Ιωάννης.</subfield>
  </datafield>
  <datafield tag="260" ind1=" " ind2=" ">
   <subfield code="a">Αθήνα :</subfield>
   <subfield code="b">Σύνδεσμος Ελληνικών Ακαδημαϊκών Βιβλιοθηκών,</subfield>
   <subfield code="c">c2015.</subfield>
  </datafield>
  <datafield tag="490" ind1=" " ind2=" ">
   <subfield code="a">Ακαδημαϊκά Ηλεκτρονικά Συγγράμματα και Βοηθήματα Κάλλιπος</subfield>
   <subfield code="8">40</subfield>
  </datafield>
  <datafield tag="520" ind1=" " ind2=" ">
   <subfield code="a">Στο βιβλίο αυτό αναπτύσσεται η Θεωρία Ομάδων για αναγνώστες που δεν έχουν κάποια σχετική γνώση και απευθύνεται σε φοιτητές Τμημάτων Μαθηματικών , Φυσικής, αλλά και όσους ενδιαδέρονται για το αντικείμενο. Δίνεται η βασική θεωρία των Ομάδων και των ομομορφισμών τους. Αποδεικνύονται τα Θεωρήματα Ισομορφίας Ομάδων. Αναπτύσσεται η θεωρία δράσης ομάδας σε σύνολο και δίνονται πολλές εφαρμογές αυτής της θεωρίας στη Συνδυαστική. Αναπτύσσεται η θεωρία υποομάδων πεπερασμένων ομάδων με τη χρήση της δράσης ομάδων σε σύνολα. Μελετώνται οι αβελιανές ομάδες και αποδεικνύεται η ταξινόμηση των πεπερασμένα παραγόμενων αβελιανών ομάδων. Ακολουθεί η μελέτη των επιλύσιμων ομάδων και μελετώνται ευρύτερα οι κανονικές σειρές ομάδων. Τα θέματα αυτά εφαρμόζονται στις απλές ομάδες, στις ομάδες μεταθέσεων και σε ομάδες τάξης pq, όπου p,q είναι πρώτοι φυσικοί αριθμοί, καθώς και σε ομάδες μικρής τάξης.</subfield>
  </datafield>
  <datafield tag="650" ind1=" " ind2="0">
   <subfield code="a">Algebra</subfield>
   <subfield code="8">2195</subfield>
  </datafield>
  <datafield tag="653" ind1=" " ind2=" ">
   <subfield code="a">Ομάδες συγκεκριμένης τάξης</subfield>
  </datafield>
  <datafield tag="653" ind1=" " ind2=" ">
   <subfield code="a">Απλές ομάδες</subfield>
  </datafield>
  <datafield tag="653" ind1=" " ind2=" ">
   <subfield code="a">Επιλύσιμες ομάδες</subfield>
  </datafield>
  <datafield tag="653" ind1=" " ind2=" ">
   <subfield code="a">Σειρές ομάδων</subfield>
  </datafield>
  <datafield tag="653" ind1=" " ind2=" ">
   <subfield code="a">Ομάδες μεταθέσεων</subfield>
  </datafield>
  <datafield tag="653" ind1=" " ind2=" ">
   <subfield code="a">Πεπερασμένα παραγόμενες αβελιανές ομάδες</subfield>
  </datafield>
  <datafield tag="653" ind1=" " ind2=" ">
   <subfield code="a">Θεωρήματα ισομορφίας</subfield>
  </datafield>
  <datafield tag="653" ind1=" " ind2=" ">
   <subfield code="a">Ταξινόμηση κυκλικών ομάδων</subfield>
  </datafield>
  <datafield tag="653" ind1=" " ind2=" ">
   <subfield code="a">Μαθηματικά</subfield>
   <subfield code="a">Θεωρία ομάδων και γενικεύσεις</subfield>
   <subfield code="a">Αβελιανές ομάδες</subfield>
  </datafield>
  <datafield tag="653" ind1=" " ind2=" ">
   <subfield code="a">Μαθηματικά</subfield>
   <subfield code="a">Θεωρία ομάδων και γενικεύσεις</subfield>
   <subfield code="a">Εξειδικευμένες θεωρήσεις πεπερασμένων ή άπειρων ομάδων</subfield>
  </datafield>
  <datafield tag="653" ind1=" " ind2=" ">
   <subfield code="a">Μαθηματικά</subfield>
   <subfield code="a">Θεωρία ομάδων και γενικεύσεις</subfield>
   <subfield code="a">Δομή και ταξινόμηση άπειρων ή πεπερασμένων ομάδων</subfield>
  </datafield>
  <datafield tag="653" ind1=" " ind2=" ">
   <subfield code="a">Μαθηματικά</subfield>
   <subfield code="a">Θεωρία ομάδων και γενικεύσεις</subfield>
   <subfield code="a">Αφηρημένες πεπερασμένες ομάδες</subfield>
  </datafield>
  <datafield tag="653" ind1=" " ind2=" ">
   <subfield code="a">Μαθηματικά</subfield>
   <subfield code="a">Θεωρία ομάδων και γενικεύσεις</subfield>
   <subfield code="a">Ομάδες μεταθέσεων (μετατάξεων)</subfield>
  </datafield>
  <datafield tag="653" ind1=" " ind2=" ">
   <subfield code="a">Μαθηματικά</subfield>
   <subfield code="a">Θεωρία ομάδων και γενικεύσεις</subfield>
   <subfield code="a">Θεμελίωση θεωρίας ομάδων</subfield>
  </datafield>
  <datafield tag="653" ind1=" " ind2=" ">
   <subfield code="a">Μαθηματικά</subfield>
   <subfield code="a">Θεωρία ομάδων και γενικεύσεις</subfield>
  </datafield>
  <datafield tag="700" ind1="1" ind2=" ">
   <subfield code="a">Αντωνιάδης, Ιωάννης</subfield>
   <subfield code="e">Κριτικός αναγνώστης</subfield>
   <subfield code="8">1609</subfield>
  </datafield>
  <datafield tag="856" ind1="4" ind2="0">
   <subfield code="u">http://hdl.handle.net/11419/3859</subfield>
   <subfield code="z">Πλήρες Κείμενο - Full text</subfield>
  </datafield>
  <datafield tag="907" ind1=" " ind2=" ">
   <subfield code="a">.b25679752</subfield>
   <subfield code="b">12-06-18</subfield>
   <subfield code="c">29-07-16</subfield>
  </datafield>
  <datafield tag="949" ind1=" " ind2=" ">
   <subfield code="0">0</subfield>
   <subfield code="1">0</subfield>
   <subfield code="2">ddc</subfield>
   <subfield code="4">0</subfield>
   <subfield code="6">512_000000000000000_ΘΕΟ</subfield>
   <subfield code="7">0</subfield>
   <subfield code="8">KALL</subfield>
   <subfield code="8">734</subfield>
   <subfield code="d">2016-04-13</subfield>
   <subfield code="r">2016-04-13</subfield>
   <subfield code="w">2016-04-13</subfield>
   <subfield code="z">512 ΘΕΟ</subfield>
   <subfield code="o">SEAB KALLIPOS</subfield>
  </datafield>
  <datafield tag="998" ind1=" " ind2=" ">
   <subfield code="a">80</subfield>
   <subfield code="a">01</subfield>
   <subfield code="a">02</subfield>
   <subfield code="a">03</subfield>
   <subfield code="a">04</subfield>
   <subfield code="a">05</subfield>
   <subfield code="a">06</subfield>
   <subfield code="a">07</subfield>
   <subfield code="a">08</subfield>
   <subfield code="a">09</subfield>
   <subfield code="a">10</subfield>
   <subfield code="a">11</subfield>
   <subfield code="a">12</subfield>
   <subfield code="a">13</subfield>
   <subfield code="a">14</subfield>
   <subfield code="a">15</subfield>
   <subfield code="a">16</subfield>
   <subfield code="a">17</subfield>
   <subfield code="a">19</subfield>
   <subfield code="a">18</subfield>
   <subfield code="a">20</subfield>
   <subfield code="a">21</subfield>
   <subfield code="a">22</subfield>
   <subfield code="a">23</subfield>
   <subfield code="a">24</subfield>
   <subfield code="a">25</subfield>
   <subfield code="a">26</subfield>
   <subfield code="b">16-05-17</subfield>
   <subfield code="c">m</subfield>
   <subfield code="d">z  </subfield>
   <subfield code="e">-</subfield>
   <subfield code="f">gre</subfield>
   <subfield code="g">gr </subfield>
   <subfield code="h">0</subfield>
  </datafield>
  <datafield tag="942" ind1=" " ind2=" ">
   <subfield code="2">ddc</subfield>
   <subfield code="c">KALLIPOS</subfield>
  </datafield>
 </record>
</collection>
